| 000 | 00405cam a2200169ua 4500 | ||
|---|---|---|---|
| 020 | _c1.25 | ||
| 041 |
_amal _h |
||
| 082 |
_a894.8122 _bPAU/OR |
||
| 100 | _aPaul, Babu . | ||
| 245 |
_aOru Yathrayude Ormakal / _cBabu Paul. _hTextual Documents |
||
| 260 |
_aKottayam : _bNational Book Stall , _c1962. |
||
| 300 | _a114 ; . | ||
| 365 | _a1.25 | ||
| 504 | _a | ||
| 942 | _cBK | ||
| 999 |
_c1269 _d1269 |
||